Guess the '80s College Radio Hit with No Clues #6 - Statistics

General Stats
  • This quiz has been taken 41 times
  • The average score is 106 of 243
Answer Stats
Lyrics % Correct
I
96%
a
93%
the
89%
you
82%
me
79%
to
79%
and
71%
be
68%
it
68%
love
68%
can
64%
go
64%
on
64%
so
64%
that
64%
your
64%
do
61%
for
61%
my
61%
no
61%
they
57%
is
54%
one
50%
then
50%
was
50%
what
50%
could
46%
it's
46%
not
46%
all
43%
will
43%
you're
43%
see
39%
this
39%
don't
36%
just
36%
off
36%
but
32%
know
32%
mind
32%
take
32%
time
32%
won't
32%
four
29%
need
29%
oh
29%
three
29%
two
29%
did
25%
everything
25%
forget
25%
get
25%
into
25%
kiss
25%
seven
25%
six
25%
talk
25%
ten
25%
back
21%
bad
21%
care
21%
'cause
21%
eight
21%
I'm
21%
lonely
21%
lost
21%
nine
21%
someone
21%
air
18%
five
18%
heartache
18%
hurt
18%
left
18%
stare
18%
start
18%
they'll
18%
tomorrow
18%
yeah
18%
behind
14%
darling
14%
family
14%
hope
14%
sick
14%
sorrow
14%
well
14%
down
11%
enough
11%
habit
11%
panic
11%
person
11%
rough
11%
situation
11%
gets
7%
gods
7%
happen
7%
impressed
7%
kid
7%
mention
7%
permanent
7%
record
7%
distressed
4%
headaches
4%
who'd
0%
No matching quizzes found
Score Distribution
Percent of People with Each Score
Percentile by Number Answered
Your Score History
You have not taken this quiz